|
|
|
|
| LEADER |
00998pam a2200277 a 4500 |
| 001 |
AAL4580 |
| 003 |
BD-DhAAL |
| 005 |
20160421121756.0 |
| 008 |
160421s1982 txua 001 0 eng |
| 010 |
|
|
|a 82001021
|
| 020 |
|
|
|a 0872012816
|
| 040 |
|
|
|a DLC
|c DLC
|d DLC
|d BD-DhAAL
|
| 050 |
0 |
0 |
|a PN4781
|b .A5 1982
|
| 082 |
0 |
0 |
|a 808/.06607021
|2 19
|
| 100 |
1 |
|
|a Alexander, Louis,
|d 1917-
|9 19188
|
| 245 |
1 |
0 |
|a Beyond the facts :
|b a guide to the art of feature writing /
|c Louis Alexander.
|
| 250 |
|
|
|a 2nd ed.
|
| 260 |
|
|
|a Houston :
|a New Delhi :
|b Gulf Pub. Co., Book Division,
|b Surjeet,
|c c1982.
|
| 300 |
|
|
|a ix, 320 p. :
|b ill. ;
|c 22 cm.
|
| 500 |
|
|
|a Includes index.
|
| 541 |
|
|
|e 4580
|
| 650 |
|
0 |
|a Feature writing.
|9 19189
|
| 852 |
|
|
|a Savar Campus Library
|c General Shelf
|
| 942 |
|
|
|2 ddc
|c BK
|
| 999 |
|
|
|c 37460
|d 37460
|
| 952 |
|
|
|0 0
|1 0
|2 ddc
|4 0
|6 808_000000000000000__06607021_ALE
|7 0
|9 58817
|a SCL
|b SCL
|c GEN
|d 2016-04-21
|g 150.00
|l 6
|m 33
|o 808.06607021 ALE
|p 3020004580
|r 2025-08-16
|s 2025-08-10
|t 1
|w 2016-04-21
|y BK
|